Onlinemarketing : (Record no. 101944)

MARC details
000 -LEADER
fixed length control field 01007nam a22002297a 4500
010 ## - LCCN (DPL NO)
LC control number 1617EN
020 ## - INTERNATIONAL STANDARD BOOK NUMBER
International Standard Book Number 9780199239009
Terms of availability 499.00
035 ## - SYSTEM CONTROL NUMBER
System control number B-652135-146
035 ## - SYSTEM CONTROL NUMBER
System control number B-666236
037 ## - SOURCE OF ACQUISITION
Stock number dpl
Source of stock number/acquisition Pragati
082 ## - DEWEY DECIMAL CLASSIFICATION NUMBER
Classification number 658.872
100 ## - MAIN ENTRY--PERSONAL NAME
Personal name Gay, Richard
245 ## - TITLE STATEMENT
Title Onlinemarketing :
Statement of responsibility, etc by Richard Gay, Alen Charlesworth and Rita Esen
Remainder of title a customer-led approach /
260 ## - PUBLICATION, DISTRIBUTION, ETC. (IMPRINT)
Place of publication, distribution, etc New Delhi
Name of publisher, distributor, etc Oxford University Press
Date of publication, distribution, etc 2016(rpt)
270 ## - ADDRESS
Address YMCA Building Jai Singh Road
City New Delhi
Postal code 110001
300 ## - PHYSICAL DESCRIPTION
Extent xv, 538 p.
Dimensions 24cm(pbk)
Other physical details ill.
700 ## - ADDED ENTRY--PERSONAL NAME
Personal name Charlesworth, Alan
700 ## - ADDED ENTRY--PERSONAL NAME
Personal name Esen, Rita
942 ## - ADDED ENTRY ELEMENTS (KOHA)
Source of classification or shelving scheme Dewey Decimal Classification
Item type English Books
Classification part 658.872
Call number suffix GAY
Holdings
Withdrawn status Lost status Not for loan Collection code Home library Current library Date acquired Source of acquisition Cost, normal purchase price Full call number Barcode Copy number Cost, replacement price Koha item type
      Non-fiction Ashok Vihar Ashok Vihar 04/05/2017 BPPD/EN/2016-17/AV/16-17/466/15.02.2017/570/28.02.2017/10.3.2017 499.00 658.872 GAY B-666236 1 499.00 English Books
      Non-fiction Bawana Bawana 13/02/2017 BPPD/EN/2016-17/300/24.11.2016/IN341/2.12.2017/4.1.2017 499.00 658.872 GAY B-652142 1 499.00 English Books
      Non-fiction Bawana Bawana 13/02/2017 BPPD/EN/2016-17/300/24.11.2016/IN341/2.12.2017/4.1.2017 499.00 658.872 GAY B-652144 1 499.00 English Books
      Non-fiction Central Library Central Library 13/02/2017 BPPD/EN/2016-17/300/24.11.2016/IN341/2.12.2017/4.1.2017 499.00 658.872 GAY B-652135 1 499.00 English Books
      Non-fiction Janak Puri Janak Puri 13/02/2017 BPPD/EN/2016-17/300/24.11.2016/IN341/2.12.2017/4.1.2017 499.00 658.872 GAY B-652139 1 499.00 English Books
      Non-fiction Kasturba Gandhi Marg Kasturba Gandhi Marg 13/02/2017 BPPD/EN/2016-17/300/24.11.2016/IN341/2.12.2017/4.1.2017 499.00 658.872 GAY B-652138 1 499.00 English Books
      Non-fiction Narela Narela 13/02/2017 BPPD/EN/2016-17/300/24.11.2016/IN341/2.12.2017/4.1.2017 499.00 658.872 GAY B-652143 1 499.00 English Books
      Non-fiction New Police Line New Police Line 13/02/2017 BPPD/EN/2016-17/300/24.11.2016/IN341/2.12.2017/4.1.2017 499.00 658.872 GAY B-652136 1 499.00 English Books
      Non-fiction Patel Nagar Patel Nagar 13/02/2017 BPPD/EN/2016-17/300/24.11.2016/IN341/2.12.2017/4.1.2017 499.00 658.872 GAY B-652137 1 499.00 English Books
      Non-fiction R.K.Puram-8 R.K.Puram-8 13/02/2017 BPPD/EN/2016-17/300/24.11.2016/IN341/2.12.2017/4.1.2017 499.00 658.872 GAY B-652141 1 499.00 English Books
      Non-fiction Sarojini Nagar Sarojini Nagar 13/02/2017 BPPD/EN/2016-17/300/24.11.2016/IN341/2.12.2017/4.1.2017 499.00 658.872 GAY B-652140 1 499.00 English Books
      Non-fiction Shahdara Branch Shahdara Branch 13/02/2017 BPPD/EN/2016-17/300/24.11.2016/IN341/2.12.2017/4.1.2017 499.00 658.872 GAY B-652145 1 499.00 English Books
      Non-fiction Yojana Vihar Yojana Vihar 13/02/2017 BPPD/EN/2016-17/300/24.11.2016/IN341/2.12.2017/4.1.2017 499.00 658.872 GAY B-652146 1 499.00 English Books

© Delhi Public Library
Hit Counter
free hit counter